Estatísticas para Todos os Campeões da Copa Libertadores

Clique aqui para jogar o quiz

Estatísticas Gerais

  • Esse quiz foi jogado 165 vezes
  • A pontuação média é 58 de 64

Estatísticas das Respostas

AnoResposta% Correto
2021Palmeiras
99%
2020Palmeiras
99%
1999Palmeiras
99%
1977Boca Juniors
98%
2007Boca Juniors
98%
2003Boca Juniors
98%
2001Boca Juniors
98%
2000Boca Juniors
98%
1978Boca Juniors
98%
2022Flamengo
98%
2019Flamengo
98%
1981Flamengo
98%
2023Fluminense
98%
2005São Paulo
98%
1993São Paulo
98%
1992São Paulo
98%
2012Corinthians
97%
2010Santos
97%
1962Santos
97%
1963Santos
97%
1983Grêmio
96%
1995Grêmio
96%
2017Grêmio
96%
2018River Plate
96%
2015River Plate
96%
1996River Plate
96%
1986River Plate
96%
2011Internacional
94%
2006Internacional
94%
2013Atlético Mineiro
93%
1961Peñarol
93%
1960Peñarol
93%
1987Peñarol
93%
1982Peñarol
93%
1966Peñarol
93%
1998Vasco da Gama
93%
1965Independiente
91%
1972Independiente
91%
1964Independiente
91%
1984Independiente
91%
1973Independiente
91%
1975Independiente
91%
1974Independiente
91%
1976Cruzeiro
88%
1997Cruzeiro
88%
1988Nacional
84%
1980Nacional
84%
1971Nacional
84%
2008LDU Quito
83%
2014San Lorenzo
83%
2016Atlético Nacional
82%
1989Atlético Nacional
82%
1979Olimpia
80%
2002Olimpia
80%
1990Olimpia
80%
1991Colo-Colo
78%
1970Estudiantes
78%
1969Estudiantes
78%
2009Estudiantes
78%
1968Estudiantes
78%
1967Racing
76%
2004Once Caldas
74%
1994Vélez Sarsfield
64%
1985Argentinos Juniors
59%

Distribuição das Pontuações

Percentil de Números Respondidos

Porcentagem de Pessoas com Cada Pontuação

Sua Pontuação Histórica

Você não jogou esse quiz